Vehicle Emojis - Statistics

General Stats
  • This quiz has been taken 23 times
  • The average score is 19 of 34
Answer Stats
Emoji Animal % Correct
πŸš—πŸš˜ Automobile
100%
🚲 Bicycle
100%
βœˆπŸ›©πŸ›«πŸ›¬ Airplane
95%
🚌🚍🚎 Bus
95%
πŸššπŸš› Delivery Truck
95%
πŸš‚πŸš„πŸš…πŸš†πŸš‰πŸšπŸšˆπŸš‡ Train
95%
πŸ›» Pickup Truck
85%
πŸ›΅ Motor Scooter
70%
πŸšŠπŸš‹ Tram
70%
🚁 Helicopter
65%
πŸ›΄ Kick Scooter
65%
🚐 Minibus
65%
🏍 Motorcycle
65%
🚒 Ship
65%
πŸ›Ή Skateboard
60%
πŸš•πŸš– Taxi
60%
πŸ›Ά Canoe
55%
β›΅ Sailboat
55%
πŸš“πŸš” Police Car
45%
πŸš€ Rocket
45%
🚜 Tractor
45%
πŸš‘ Ambulance
40%
πŸš’ Fire Engine
40%
πŸ›Έ Flying Saucer
40%
πŸ›³ Passenger Ship
35%
🏎 Racing Car
35%
🚀 Speedboat
35%
β›΄ Ferry
30%
πŸšƒπŸšžπŸšŸπŸš πŸš‘ Railway Car
30%
πŸ›Ό Roller Skate
30%
πŸš™ Sport Utility Vehicle
30%
🦽🦼 Wheelchair
30%
πŸ›₯ Motor Boat
25%
πŸ›Ί Rickshaw
20%
No matching quizzes found
Score Distribution
Percent of People with Each Score
Percentile by Number Answered
Your Score History
You have not taken this quiz